000 00775nam a2200253Ia 4500
003 OSt
005 20220923225507.0
006 a|||||r|||| 00| 0
007 ta
008 220922b |||||||| |||| 00| 0 hin d
024 _a269,403
037 _cTextual
040 _aARTS
_cARTS
_bhin
041 _2hin
_ahin
082 _aQ3xNASx, 152N8
100 _aअशोकश्री
_9156277
245 0 _aअनुभूति के स्वर
246 _aAnubhūti ke svara
260 _aचूरू
_b आदर्श साहित्य संघ प्रकाशन
_c1998
300 _a128पृ.
_ccm.
650 _aजैन धर्म
942 _hQ3xNASx, 152N8
_cTEXL
_2CC
999 _c378594
_d378594